Project Management For Musicians (Record no. 15823)

MARC details
000 -LEADER
fixed length control field 00550nam a22001937a 4500
003 - CONTROL NUMBER IDENTIFIER
control field OSt
005 - DATE AND TIME OF LATEST TRANSACTION
control field 20160317152022.0
008 - FIXED-LENGTH DATA ELEMENTS--GENERAL INFORMATION
fixed length control field 160317b xxu||||| |||| 00| 0 eng d
020 ## - INTERNATIONAL STANDARD BOOK NUMBER
International Standard Book Number 0876391358
040 ## - CATALOGING SOURCE
Original cataloging agency Kabu
Transcribing agency Kabu
050 ## - LIBRARY OF CONGRESS CALL NUMBER
Classification number ML3790
Item number .F43 2013
100 ## - MAIN ENTRY--PERSONAL NAME
Personal name Feist Jonathan
245 ## - TITLE STATEMENT
Title Project Management For Musicians
Statement of responsibility, etc. by Jonathan Feist
260 ## - PUBLICATION, DISTRIBUTION, ETC. (IMPRINT)
Place of publication, distribution, etc. USA
Name of publisher, distributor, etc. Berklee press
Date of publication, distribution, etc. 2013
300 ## - PHYSICAL DESCRIPTION
Extent xiv,406p.
610 ## - SUBJECT ADDED ENTRY--CORPORATE NAME
Source of heading or term Music trade
General subdivision Vocational guidance
610 ## - SUBJECT ADDED ENTRY--CORPORATE NAME
Corporate name or jurisdiction name as entry element Project Management
General subdivision Handbooks
942 ## - ADDED ENTRY ELEMENTS (KOHA)
Source of classification or shelving scheme Library of Congress Classification
Koha item type General Collection
Call number prefix ML3790.F432013 C.1
Holdings
Withdrawn status Lost status Source of classification or shelving scheme Not for loan Home library Current library Shelving location Date acquired Cost, normal purchase price Total Checkouts Full call number Barcode Date last seen Copy number Price effective from Koha item type
    Library of Congress Classification   Kabarak, Main Campus Kabarak, Main Campus General Stacks 17/03/2016 3281.00   ML3790 .F43 2013 026139 17/03/2016 C.1 17/03/2016 General Collection
Designed with assistance from East African Informatics Ltd